Anys i noms en la pintura contemporània / (Record no. 150611)

MARC details
000 -LEADER
campo de control de longitud fija 00698nam a2200217 i 4500
001 - NÚMERO DE CONTROL
campo de control 150611
003 - IDENTIFICADOR DE NÚMERO DE CONTROL
campo de control ES-MaACL
005 - FECHA Y HORA DE LA ÚLTIMA TRANSACCIÓN
campo de control 20250804063427.0
007 - CAMPO FIJO DE DESCRIPCIÓN FÍSICA--INFORMACIÓN GENERAL
campo de control de longitud fija t|
008 - DATOS DE LONGITUD FIJA--INFORMACIÓN GENERAL
campo de control de longitud fija 071031s1955 sp ||||1| cat d
100 0# - ENTRADA PRINCIPAL--NOMBRE DE PERSONA
Nombre de persona Valencia, Pedro de,
Fechas asociadas al nombre 1902-
9 (RLIN) 112570
245 10 - MENCIÓN DEL TÍTULO
Título Anys i noms en la pintura contemporània /
Mención de responsabilidad, etc. Pere de València.
260 ## - PUBLICACIÓN, DISTRIBUCIÓN, ETC.
Lugar de publicación, distribución, etc. Valencia :
Nombre del editor, distribuidor, etc. Torre,
Fecha de publicación, distribución, etc. 1955.
300 ## - DESCRIPCIÓN FÍSICA
Extensión 54 p. :
Otras características físicas il. ;
Dimensiones 17 cm.
490 1# - MENCIÓN DE SERIE
Mención de serie L'espiga ;
Designación de volumen o secuencia 24
599 ## - NOTA A LAS ILUSTRACIONES
NOTA A LAS ILUSTRACIONES Ilustraciones de Pedro de Valencia, seud. del pintor Pedro Sánchez García-Esteban.
650 #4 - PUNTO DE ACCESO ADICIONAL DE MATERIA--TÉRMINO DE MATERIA
Término de materia o nombre geográfico como elemento de entrada Pintura-
Subdivisión general S.XX.
9 (RLIN) 16010
830 1# - PUNTO DE ACCESO ADICIONAL DE SERIE-TÍTULO UNIFORME
Título uniforme L'espiga ;
Designación de volumen o secuencia 24
9 (RLIN) 181905
852 ## - LOCALIZACIÓN
Ubicación ES-MaACL
Número de control de estantería 1979-F-10
Holdings
Estatus retirado Estado de pérdida Estado de daño No para préstamo Colección Biblioteca de origen Biblioteca actual Ubicación en estantería Fecha de adquisición Fuente de adquisición Total de préstamos Signatura topográfica completa Código de barras Visto por última vez Precio de reemplazo Tipo de ítem Koha
        Colección de folletos Biblioteca del Ateneo de Madrid Biblioteca del Ateneo de Madrid Depósito folletos 17/01/2008     1979-F-10 1157156 23/02/2023 23/02/2023 Folleto